Custody jurisprudence : (Record no. 150739)

MARC details
000 -LEADER
fixed length control field 00650nam a22001937a 4500
005 - DATE AND TIME OF LATEST TRANSACTION
control field 20180411111128.0
010 ## - LCCN (DPL NO)
LC control number ENG-122482
020 ## - INTERNATIONAL STANDARD BOOK NUMBER
International Standard Book Number 9788171773237
Terms of availability 675.00
035 ## - SYSTEM CONTROL NUMBER
System control number EN-106014
037 ## - SOURCE OF ACQUISITION
Source of stock number/acquisition DBAD/PUB
082 ## - DEWEY DECIMAL CLASSIFICATION NUMBER
Classification number 345.5406
100 ## - MAIN ENTRY--PERSONAL NAME
Personal name Singh,Kavita
245 ## - TITLE STATEMENT
Title Custody jurisprudence :
Statement of responsibility, etc by Kavita Singh
Remainder of title under criminal justice administration /
260 ## - PUBLICATION, DISTRIBUTION, ETC. (IMPRINT)
Place of publication, distribution, etc Kolkata (Calcutta)
Name of publisher, distributor, etc Eastern Lal House Pvt. Ltd.
Date of publication, distribution, etc 2018
270 ## - ADDRESS
Address 54 Ganesh Chunder Avenue
City Kolkata (Calcutta)
Postal code (033) 2215-1989
Electronic mail address mail@elh.co.in
300 ## - PHYSICAL DESCRIPTION
Extent 328p.
Other physical details ill.
Dimensions 22cm(Hb)
500 ## - GENERAL NOTE
General note It include index
942 ## - ADDED ENTRY ELEMENTS (KOHA)
Source of classification or shelving scheme Dewey Decimal Classification
Item type English Books
Call number suffix KAV
Classification part 345.5406
Holdings
Withdrawn status Lost status Not for loan Collection code Home library Current library Date acquired Source of acquisition Cost, normal purchase price Full call number Barcode Copy number Cost, replacement price Koha item type
    Not For Loan Non-fiction D.B.Act.Division Patel Nagar 04/04/2018 DBAD/PUB 675.00 345.5406 KAV EN-106014 1 675.00 English Books

© Delhi Public Library
Hit Counter
free hit counter